[Event "Albert Boxer Classic"]
[Site "Winnipeg CAN"]
[Date "2002.09.02"]
[Round "6.2"]
[White "Lipnowski, Irwin"]
[Black "Lipnowski, Samuel"]
[Result "1/2-1/2"]
[WhiteElo "2281"]
[BlackElo "2039"]
[PlyCount "174"]
[EventDate "2002.08.31"]
[EventType "swiss"]
[EventRounds "6"]
[EventCountry "CAN"]

1. c4 Nf6 2. g3 g6 3. Bg2 Bg7 4. Nc3 O-O 5. Nf3 Nc6 6. O-O d6 7. d4 e5 8. d5
Ne7 9. c5 Nh5 10. cxd6 cxd6 11. Nd2 f5 12. Nc4 Qc7 13. Qb3 Bd7 14. Qb4 Nc8 15.
a4 a5 16. Qb3 Ra6 17. Bd2 Nb6 18. Na3 Rc8 19. Rfc1 Nc4 20. Nxc4 Qxc4 21. Qxc4
Rxc4 22. Nb5 Rxc1+ 23. Rxc1 Bxb5 24. axb5 Rb6 25. Rc8+ Bf8 26. Bxa5 Rxb5 27.
Bc3 Nf6 28. f4 Nxd5 29. Bxd5+ Rxd5 30. fxe5 Kf7 31. Rc7+ Ke6 32. exd6 b6 33.
Rxh7 Rxd6 34. Kg2 Rc6 35. Kf3 Kd5 36. Rd7+ Ke6 37. Rd3 Bd6 38. e4 fxe4+ 39.
Kxe4 Bc7 40. h4 Rc4+ 41. Kf3 Bd6 42. Re3+ Kf5 43. Rd3 Ke6 44. b3 Rc6 45. Kg4
Be7 46. h5 gxh5+ 47. Kxh5 Rc5+ 48. Kg4 Rg5+ 49. Kf3 Bd6 50. g4 Rg8 51. Re3+ Kd5
52. Rd3+ Ke6 53. Bd2 Rh8 54. Re3+ Kf7 55. Ke4 Ke6 56. Kd4+ Kd7 57. Re4 Rh1 58.
Bf4 Rd1+ 59. Kc4 Bc5 60. Be3 Bxe3 61. Rxe3 Rg1 62. Re4 Kc6 63. Re6+ Kc7 64. Rg6
Re1 65. b4 Re5 66. g5 Kb7 67. Rg7+ Kc6 68. b5+ Kd6 69. Rg6+ Kc7 70. Rc6+ Kb7
71. g6 Rg5 72. Rf6 Kc7 73. Rf7+ Kd6 74. g7 Rg4+ 75. Kd3 Kc5 76. Ke3 Kxb5 77.
Kf3 Rg1 78. Kf4 Kb4 79. Ke5 b5 80. Rf4+ Kc3 81. Kf6 b4 82. Rf5 Rxg7 83. Kxg7 b3
84. Rb5 b2 85. Kf6 Kc2 86. Rc5+ Kd2 87. Rb5 Kc1 1/2-1/2

[Event "Albert Boxer Classic"]
[Site "Winnipeg CAN"]
[Date "2002.09.02"]
[Round "6.3"]
[White "Schulz, Waldemar"]
[Black "Rasmussen, Barry"]
[Result "1/2-1/2"]
[WhiteElo "2036"]
[BlackElo "2240"]
[PlyCount "106"]
[EventDate "2002.08.31"]
[EventType "swiss"]
[EventRounds "6"]
[EventCountry "CAN"]

1. Nf3 d5 2. d4 Nf6 3. c4 c6 4. cxd5 cxd5 5. Nc3 Nc6 6. Bf4 Bf5 7. e3 e6 8. Bb5
Nd7 9. Rc1 Be7 10. O-O g5 11. Bg3 h5 12. h3 h4 13. Bh2 g4 14. hxg4 Bxg4 15. Be2
h3 16. g3 f5 17. Ne1 Nf6 18. Nd3 Bd6 19. Nf4 Bxf4 20. gxf4 Qe7 21. f3 Bh5 22.
Kf2 Kf7 23. Rg1 Rag8 24. Qc2 Ne8 25. Rg3 Qh4 26. Rcg1 Rg7 27. Kf1 Rxg3 28. Rxg3
Bg6 29. Qd1 Qe7 30. a3 Ng7 31. Ke1 Qh4 32. Kd2 Nh5 33. Rg5 Kf6 34. Qe1 Qxe1+
35. Kxe1 Na5 36. Rg1 Rc8 37. Kd2 Ng7 38. Rg3 Ne8 39. Rxh3 Nd6 40. Bg1 Nac4+ 41.
Kc2 b5 42. Bxc4 Nxc4 43. Kb3 a6 44. Rh2 Rg8 45. Rg2 Rg7 46. a4 Be8 47. Rxg7
Kxg7 48. axb5 axb5 49. Nb1 Bh5 50. Kc3 Bxf3 51. b3 Nd6 52. Na3 Kg6 53. Kb4 Bd1
1/2-1/2

[Event "Albert Boxer Classic"]
[Site "Winnipeg CAN"]
[Date "2002.09.02"]
[Round "6.4"]
[White "Nikouline, Alexandre"]
[Black "Federkevic, Danny"]
[Result "1/2-1/2"]
[WhiteElo "2098"]
[BlackElo "2009"]
[PlyCount "111"]
[EventDate "2002.08.31"]
[EventType "swiss"]
[EventRounds "6"]
[EventCountry "CAN"]

1. e4 e5 2. Nf3 Nc6 3. Bb5 a6 4. Ba4 Nf6 5. O-O Be7 6. Re1 b5 7. Bb3 d6 8. c3
O-O 9. h3 Na5 10. Bc2 c5 11. d4 Qc7 12. d5 c4 13. Nbd2 g6 14. Nf1 Nh5 15. Bh6
Ng7 16. Ng3 Nb7 17. a4 Bd7 18. axb5 axb5 19. Qd2 Rxa1 20. Rxa1 Nc5 21. h4 f5
22. exf5 Bxf5 23. Bxf5 gxf5 24. Ng5 f4 25. Bxg7 Kxg7 26. Nh5+ Kh6 27. g4 Bxg5
28. hxg5+ Kxg5 29. Qe2 Qf7 30. Qf3 Qg6 31. Qh3 Qd3 32. Ng3 fxg3 33. Qh5+ Kf4
34. Qh6+ Kxg4 35. Qxf8 gxf2+ 36. Qxf2 Na4 37. Re1 Qg3+ 38. Kf1 Qxf2+ 39. Kxf2
Nxb2 40. Ke3 h5 41. Rg1+ Kf5 42. Rf1+ Kg5 43. Rf8 Na4 44. Rg8+ Kf6 45. Kd2 Nb6
46. Rh8 Nxd5 47. Rh6+ Ke7 48. Rxh5 Kd7 49. Rh8 b4 50. cxb4 Nxb4 51. Kc3 Nc6 52.
Kxc4 Ne7 53. Rh7 d5+ 54. Kc5 Ke6 55. Rxe7+ Kxe7 56. Kxd5 1/2-1/2

[Event "Albert Boxer Classic"]
[Site "Winnipeg CAN"]
[Date "2002.09.02"]
[Round "6.5"]
[White "Miller, Mark"]
[Black "Mu, Yuchen"]
[Result "1-0"]
[WhiteElo "1859"]
[BlackElo "1861"]
[PlyCount "67"]
[EventDate "2002.08.31"]
[EventType "swiss"]
[EventRounds "6"]
[EventCountry "CAN"]

1. e4 c5 2. Nf3 d6 3. d4 cxd4 4. Nxd4 Nf6 5. Nc3 g6 6. Be3 Bg7 7. f3 O-O 8. Qd2
Nc6 9. Bc4 Bd7 10. O-O-O Qa5 11. Kb1 Rfc8 12. Bb3 Ne5 13. h4 Nc4 14. Bxc4 Rxc4
15. Nb3 Qa6 16. h5 Nxh5 17. g4 Nf6 18. Bh6 Bxh6 19. Qxh6 Rxc3 20. bxc3 Qc6 21.
e5 dxe5 22. Qe3 Be6 23. Qxe5 Rc8 24. g5 Nh5 25. Rd3 Qb6 26. Rhd1 Ng7 27. Qa5
Qxa5 28. Nxa5 Nf5 29. Rd8+ Kg7 30. Rxc8 Bxc8 31. Rd8 Nd6 32. c4 b6 33. Nc6 Bb7
34. Nxe7 1-0

[Event "Albert Boxer Classic"]
[Site "Winnipeg CAN"]
[Date "2002.09.02"]
[Round "6.8"]
[White "Lipnowski, Michael"]
[Black "Katona, John"]
[Result "1-0"]
[WhiteElo "1979"]
[BlackElo "1797"]
[PlyCount "81"]
[EventDate "2002.08.31"]
[EventType "swiss"]
[EventRounds "6"]
[EventCountry "CAN"]

1. d4 Nf6 2. c4 g6 3. Nc3 Bg7 4. e4 d6 5. Nf3 O-O 6. Be2 e5 7. O-O Nc6 8. d5
Ne7 9. Nd2 Ne8 10. b4 f5 11. c5 fxe4 12. Ndxe4 Bf5 13. f3 Nf6 14. Bc4 Kh8 15.
Be3 Neg8 16. Rc1 Nh6 17. Be2 Nf7 18. a4 Ne8 19. a5 Bd7 20. a6 bxa6 21. Bxa6 Bc8
22. Bxc8 Qxc8 23. Qd3 a6 24. Ra1 Qb7 25. Ra4 Nf6 26. Rfa1 Nxe4 27. Nxe4 Bh6 28.
Bf2 Rfd8 29. c6 Qc8 30. Rxa6 Rxa6 31. Rxa6 Qf5 32. Ra7 Qf4 33. Rxc7 Ra8 34. g3
Ra1+ 35. Kg2 Qf5 36. Qb5 Ra3 37. Qb8+ Kg7 38. Rxf7+ Qxf7 39. Qb7 Rxf3 40. Qxf7+
Rxf7 41. b5 1-0

[Event "Albert Boxer Classic"]
[Site "Winnipeg CAN"]
[Date "2002.09.02"]
[Round "6.9"]
[White "Lauritson, Jim"]
[Black "Gustafson, Dale"]
[Result "1/2-1/2"]
[WhiteElo "1947"]
[BlackElo "1889"]
[PlyCount "32"]
[EventDate "2002.08.31"]
[EventType "swiss"]
[EventRounds "6"]
[EventCountry "CAN"]

1. e4 d5 2. exd5 Qxd5 3. d4 Nf6 4. Nc3 Qa5 5. Nf3 c6 6. Be2 Bf5 7. O-O e6 8.
Nh4 Be7 9. Bd2 Bg6 10. Nxg6 hxg6 11. Bf4 Nbd7 12. Qd2 Nh5 13. Bxh5 Rxh5 14. Ne4
Qxd2 15. Bxd2 Nf6 16. f3 O-O-O 1/2-1/2

[Event "Albert Boxer Classic"]
[Site "Winnipeg CAN"]
[Date "2002.09.02"]
[Round "6.10"]
[White "Vincent, Trevor"]
[Black "Wangen, Michael"]
[Result "1/2-1/2"]
[WhiteElo "1894"]
[BlackElo "1901"]
[PlyCount "51"]
[EventDate "2002.08.31"]
[EventType "swiss"]
[EventRounds "6"]
[EventCountry "CAN"]

1. c4 e5 2. g3 g6 3. Bg2 Bg7 4. Nc3 d6 5. Nf3 Nc6 6. O-O Nge7 7. d3 O-O 8. Rb1
f5 9. Bd2 Rb8 10. b4 Nd4 11. Nxd4 exd4 12. Nd5 Be6 13. Bg5 Bxd5 14. Bxd5+ Kh8
15. Bf3 Qd7 16. Bxe7 Qxe7 17. b5 g5 18. Re1 g4 19. Bg2 f4 20. Be4 h5 21. Kg2 h4
22. f3 Be5 23. gxf4 h3+ 24. Kh1 Bxf4 25. Rg1 Qh4 26. Qe1 1/2-1/2

[Event "Albert Boxer Classic"]
[Site "Winnipeg CAN"]
[Date "2002.09.02"]
[Round "6.11"]
[White "Shome, Devarshi"]
[Black "Kaptsan, Aron"]
[Result "0-1"]
[WhiteElo "1500"]
[BlackElo "2096"]
[PlyCount "45"]
[EventDate "2002.08.31"]
[EventType "swiss"]
[EventRounds "6"]
[EventCountry "CAN"]
[Source "ChessBase"]
[SourceDate "2002.11.25"]

1. e4 c5 2. Nf3 d6 3. d4 cxd4 4. Nxd4 Nf6 5. Nc3 g6 6. Be3 Bg7 7. f3 a6 8. Qd2
h5 9. Be2 Nc6 10. O-O-O Ne5 11. Kb1 b5 12. Nb3 Bb7 13. Nd5 Nxd5 14. exd5 Qc7
15. c3 Nc4 16. Bxc4 Qxc4 17. Nd4 Rb8 18. Rhe1 Bxd5 19. Nf5 gxf5 20. Qxd5 Bxc3
21. Rd2 Be5 22. f4 e6 23. Ree2 0-1

[Event "Alberta op"]
[Site "Calgary CAN"]
[Date "2002.10.12"]
[Round "1"]
[White "Aartsen, Keith"]
[Black "Dean, Tim"]
[Result "1-0"]
[WhiteElo "1398"]
[BlackElo "1868"]
[PlyCount "117"]
[EventDate "2002.10.12"]
[EventType "swiss"]
[EventRounds "6"]
[EventCountry "CAN"]

1. e4 e5 2. Nf3 Nc6 3. d4 exd4 4. Nxd4 Nf6 5. Nxc6 bxc6 6. Bd3 Bc5 7. h3 O-O 8.
O-O d6 9. Bg5 Qe7 10. Bxf6 Qxf6 11. c3 Rb8 12. Qc2 h6 13. b4 Bb6 14. Nd2 d5 15.
Rae1 Re8 16. c4 Bd4 17. Rb1 Bc3 18. a3 Bxd2 19. Qxd2 dxe4 20. Rfe1 Bf5 21. Be2
e3 22. fxe3 Bxb1 23. Rxb1 Rbd8 24. Bd3 Qd6 25. Rb3 Qe5 26. e4 Qd4+ 27. Qf2 Qa1+
28. Kh2 Qd1 29. Qc2 Qxc2 30. Bxc2 Rd2 31. Rc3 Re6 32. Ba4 Rg6 33. Rg3 Rxg3 34.
Kxg3 c5 35. Bc6 Rd3+ 36. Kf4 a6 37. b5 a5 38. a4 Ra3 39. Ke5 Rxa4 40. b6 cxb6
41. Bxa4 f6+ 42. Kd6 Kf7 43. Kc6 Ke6 44. Kxb6 Ke5 45. Kxc5 Kxe4 46. Kd6 Kf4 47.
c5 Kg3 48. c6 Kxg2 49. c7 Kxh3 50. c8=Q+ Kh4 51. Qf5 g5 52. Qxf6 h5 53. Ke5 Kg4
54. Qf5+ Kh4 55. Qf2+ Kh3 56. Bd7+ g4 57. Qf1+ Kg3 58. Qg1+ Kh3 59. Kf4 1-0

[Event "Alberta op"]
[Site "Calgary CAN"]
[Date "2002.10.12"]
[Round "1"]
[White "Adolph, Joel"]
[Black "Veneracion, Paolo"]
[Result "1/2-1/2"]
[WhiteElo "1740"]
[BlackElo "2157"]
[PlyCount "56"]
[EventDate "2002.10.12"]
[EventType "swiss"]
[EventRounds "6"]
[EventCountry "CAN"]

1. d4 Nf6 2. Bf4 e6 3. e3 b6 4. Bd3 Bb7 5. Nf3 d5 6. Nbd2 Bd6 7. Ne5 O-O 8. Qf3
c5 9. c3 Nc6 10. Qh3 Ne7 11. Bg5 Ng6 12. f4 Be7 13. O-O Ne4 14. Bxe7 Qxe7 15.
Ndf3 Bc8 16. Bxe4 dxe4 17. Ng5 h6 18. Nxg6 fxg6 19. Nxe4 e5 20. Qg3 exd4 21.
Nd2 Qxe3+ 22. Qxe3 dxe3 23. Nc4 Ba6 24. b3 Bxc4 25. bxc4 Rad8 26. Rae1 Rd3 27.
Re2 Rd2 28. Rxd2 exd2 1/2-1/2

[Event "Alberta op"]
[Site "Calgary CAN"]
[Date "2002.10.12"]
[Round "1"]
[White "Bentley, Bill"]
[Black "Kaminski, Victor"]
[Result "0-1"]
[WhiteElo "1947"]
[BlackElo "1685"]
[PlyCount "64"]
[EventDate "2002.10.12"]
[EventType "swiss"]
[EventRounds "6"]
[EventCountry "CAN"]

1. d4 Nf6 2. Nf3 g6 3. Nc3 Bg7 4. e4 d6 5. Be3 O-O 6. Qd2 Bg4 7. Ng5 Nc6 8. h3
Bd7 9. d5 Nb8 10. O-O-O c5 11. f4 Qb6 12. Bd3 Na6 13. a3 h6 14. Nf3 Nc7 15. g4
Bb5 16. Bxb5 Nxb5 17. e5 Nd7 18. Rhe1 Qa5 19. Nxb5 Qxb5 20. Bf2 Rac8 21. c3 c4
22. Bxa7 b6 23. Nd4 Qa6 24. Nc6 Rxc6 25. dxc6 Nc5 26. Qd5 dxe5 27. c7 Qxa7 28.
Qd8 Qb7 29. Kb1 Nd3 30. Rg1 exf4 31. Qxe7 Rc8 32. h4 Qxc7 0-1

[Event "Alberta op"]
[Site "Calgary CAN"]
[Date "2002.10.12"]
[Round "1"]
[White "Gardner, Robert"]
[Black "Sorgard, Graham"]
[Result "1-0"]
[WhiteElo "2244"]
[BlackElo "1790"]
[PlyCount "83"]
[EventDate "2002.10.12"]
[EventType "swiss"]
[EventRounds "6"]
[EventCountry "CAN"]

1. d4 d6 2. e4 g6 3. g3 Bg7 4. Bg2 Nf6 5. h3 O-O 6. Be3 Nc6 7. Ne2 e5 8. d5 Ne7
9. c4 Nh5 10. Bf3 Nf6 11. Nbc3 Ne8 12. Qd2 f5 13. O-O-O c6 14. Kb1 c5 15. h4 a6
16. h5 b5 17. hxg6 hxg6 18. cxb5 Nf6 19. bxa6 Rxa6 20. Bh6 Rf7 21. Bxg7 Rxg7
22. Ka1 Qa5 23. Nc1 Qb4 24. exf5 Nxf5 25. Ne4 Nxe4 26. Qxb4 cxb4 27. Bxe4 Nd4
28. f4 Bg4 29. Rd2 Rc7 30. Kb1 Bf5 31. Bxf5 Nxf5 32. g4 Ne3 33. fxe5 dxe5 34.
g5 Rd6 35. Re2 Nc4 36. Reh2 Rg7 37. Rh8+ Kf7 38. Rb8 Rb6 39. Rc8 Nd6 40. Rf1+
Nf5 41. Nd3 e4 42. Ne5+ 1-0

[Event "Alberta op"]
[Site "Calgary CAN"]
[Date "2002.10.12"]
[Round "1"]
[White "Hughey, Micah"]
[Black "Zheng, Fisher"]
[Result "0-1"]
[WhiteElo "2011"]
[BlackElo "1501"]
[PlyCount "31"]
[EventDate "2002.10.12"]
[EventType "swiss"]
[EventRounds "6"]
[EventCountry "CAN"]

1. d4 d5 2. e3 Nf6 3. Bd3 c5 4. Nf3 e6 5. c4 Nc6 6. cxd5 exd5 7. dxc5 Bxc5 8.
O-O O-O 9. a3 Bg4 10. b4 Bb6 11. Nbd2 d4 12. exd4 Bxd4 13. Rb1 Bxf2+ 14. Rxf2
Qxd3 15. Bb2 Nd4 16. Qc1 0-1

[Event "Alberta op"]
[Site "Calgary CAN"]
[Date "2002.10.12"]
[Round "1"]
[White "Johnson, Dean"]
[Black "Daniluk, Jim"]
[Result "0-1"]
[WhiteElo "1624"]
[BlackElo "1988"]
[PlyCount "62"]
[EventDate "2002.10.12"]
[EventType "swiss"]
[EventRounds "6"]
[EventCountry "CAN"]

1. d4 Nf6 2. c4 Nc6 3. Nf3 e6 4. Nc3 Bb4 5. Qc2 d5 6. a3 Be7 7. Bg5 h6 8. Bh4
dxc4 9. e3 O-O 10. Bxc4 a6 11. O-O b5 12. Ba2 Bb7 13. b4 a5 14. Bb1 g6 15. Ne4
Nxe4 16. Qxe4 axb4 17. Bxe7 Qxe7 18. d5 exd5 19. Qxd5 Na5 20. Qxb5 bxa3 21. Qe5
Qxe5 22. Nxe5 Nb3 23. Ra2 Bd5 24. Bd3 Rfe8 25. f4 Nc5 26. Bc4 Rxe5 27. Bxd5
Rxd5 28. Rc1 Ne4 29. g3 Rd2 30. Rxd2 Nxd2 31. Ra1 a2 0-1

[Event "Alberta op"]
[Site "Calgary CAN"]
[Date "2002.10.12"]
[Round "1"]
[White "Kuwair, Martin"]
[Black "Haessel, Dale"]
[Result "0-1"]
[WhiteElo "1840"]
[BlackElo "2250"]
[PlyCount "74"]
[EventDate "2002.10.12"]
[EventType "swiss"]
[EventRounds "6"]
[EventCountry "CAN"]

1. e4 c5 2. Nf3 d6 3. Bc4 Nf6 4. Nc3 a6 5. Ng5 e6 6. d3 Be7 7. f4 O-O 8. O-O
Nc6 9. Ne2 b5 10. Bb3 Qb6 11. Kh1 h6 12. Nf3 c4 13. dxc4 bxc4 14. Bxc4 Nxe4 15.
Qe1 d5 16. Bd3 Bc5 17. Bxe4 dxe4 18. Ne5 Nb4 19. Qc3 Qb5 20. Ng3 f5 21. a4 Qb6
22. Rb1 Nd5 23. Qe1 Rd8 24. c4 Nb4 25. Qe2 Bb7 26. Bd2 Qc7 27. Bc3 Nc6 28. Qh5
Nd4 29. Qg6 Qe7 30. Nh5 e3 31. Rfe1 e2 32. b4 Ba7 33. c5 Bb8 34. h3 Bxe5 35.
fxe5 Bc6 36. a5 Bb5 37. Bxd4 Rxd4 0-1

[Event "Alberta op"]
[Site "Calgary CAN"]
[Date "2002.10.12"]
[Round "1"]
[White "Meharg, Bruce"]
[Black "Kaminski, Thomas"]
[Result "1-0"]
[WhiteElo "1860"]
[BlackElo "1396"]
[PlyCount "77"]
[EventDate "2002.10.12"]
[EventType "swiss"]
[EventRounds "6"]
[EventCountry "CAN"]

1. d4 Nf6 2. c4 e6 3. Nc3 Bb4 4. e3 O-O 5. Bd3 c5 6. Nge2 Nc6 7. O-O d5 8. cxd5
exd5 9. a3 Bxc3 10. bxc3 c4 11. Bc2 Qd6 12. a4 Re8 13. Ba3 Qc7 14. Ng3 Qa5 15.
Qd2 Bd7 16. Rab1 Nd8 17. Bb4 Qc7 18. f3 Qc6 19. e4 dxe4 20. fxe4 Qe6 21. Rbe1
b5 22. axb5 Bxb5 23. Nf5 g6 24. Nd6 a5 25. Nxe8 Bxe8 26. Ba3 Bc6 27. d5 Qd7 28.
Rxf6 Ba4 29. Bxa4 Qxa4 30. Bd6 Nb7 31. Bf4 Nc5 32. Bh6 Nd3 33. Ref1 Ra7 34. Qe3
Qd7 35. Rxf7 Qxf7 36. Rxf7 Rxf7 37. Qb6 a4 38. Qd8+ Rf8 39. Qxf8# 1-0

[Event "Alberta op"]
[Site "Calgary CAN"]
[Date "2002.10.12"]
[Round "1"]
[White "Ottosen, David"]
[Black "Chapman, James"]
[Result "1-0"]
[WhiteElo "2000"]
[BlackElo "1651"]
[PlyCount "47"]
[EventDate "2002.10.12"]
[EventType "swiss"]
[EventRounds "6"]
[EventCountry "CAN"]

1. e4 c5 2. Nf3 d6 3. d4 cxd4 4. Nxd4 Nf6 5. Nc3 a6 6. Be3 Ng4 7. Bg5 h6 8. Bh4
g5 9. Bg3 Bg7 10. Be2 h5 11. h3 Nf6 12. Qd2 Qa5 13. Nb3 Qb4 14. a3 Qb6 15. e5
dxe5 16. Qxg5 Bh6 17. Qxe5 Nc6 18. Nd5 Qxf2+ 19. Bxf2 Nxe5 20. Nc7+ Kf8 21.
Nxa8 Nd5 22. Nb6 Ne3 23. Bxe3 Bxe3 24. Nxc8 1-0

[Event "Alberta op"]
[Site "Calgary CAN"]
[Date "2002.10.12"]
[Round "1"]
[White "Pivovarov, Juraj"]
[Black "Toth, Brian"]
[Result "1/2-1/2"]
[WhiteElo "1791"]
[BlackElo "1826"]
[PlyCount "141"]
[EventDate "2002.10.12"]
[EventType "swiss"]
[EventRounds "6"]
[EventCountry "CAN"]

1. c4 e5 2. g3 f5 3. d4 e4 4. Bg2 Nf6 5. Nc3 Bb4 6. e3 d5 7. Nge2 O-O 8. Qb3
Nc6 9. Bd2 Be6 10. Nf4 dxc4 11. Nxe6 cxb3 12. Nxd8 Rfxd8 13. axb3 a6 14. O-O
Kf8 15. Rfc1 Nd7 16. Nxe4 fxe4 17. Bxb4+ Nxb4 18. Bxe4 c6 19. Bxh7 Nf6 20. Bg6
Rd6 21. Rc4 Nbd5 22. Bd3 Re8 23. Re1 Ne4 24. Re2 Rde6 25. Rc1 Ke7 26. Bc4 Kd6
27. h4 Nxg3 28. fxg3 Rxe3 29. Rxe3 Rxe3 30. Kf2 Re4 31. Rd1 Nf6 32. Be2 Re8 33.
Bf3 Ne4+ 34. Bxe4 Rxe4 35. Kf3 Kd5 36. g4 b5 37. h5 a5 38. Rd3 a4 39. bxa4 bxa4
40. Kg3 Re2 41. Ra3 Kxd4 42. Rxa4+ Ke5 43. g5 Re3+ 44. Kg4 Re1 45. Ra3 Re4+ 46.
Kg3 Re1 47. Rf3 Rg1+ 48. Kh4 Rh1+ 49. Rh3 Rf1 50. h6 gxh6 51. gxh6 Kf6 52. Kg4
Rg1+ 53. Kf4 Rg8 54. h7 Rh8 55. Ke4 Ke6 56. Kd4 Kd6 57. Rh6+ Kc7 58. Kc5 Kd7
59. Kb6 Rb8+ 60. Ka7 Rh8 61. Kb7 c5 62. Kb6 c4 63. Kb5 c3 64. bxc3 Kc7 65. c4
Rb8+ 66. Kc5 Rh8 67. Kd5 Rd8+ 68. Ke6 Rd6+ 69. Kf7 Rxh6 70. Kg7 Rxh7+ 71. Kxh7
1/2-1/2

[Event "Alberta op"]
[Site "Calgary CAN"]
[Date "2002.10.12"]
[Round "1"]
[White "Pua, Richard"]
[Black "Kuczaj, Chris"]
[Result "1-0"]
[WhiteElo "1643"]
[BlackElo "1974"]
[PlyCount "51"]
[EventDate "2002.10.12"]
[EventType "swiss"]
[EventRounds "6"]
[EventCountry "CAN"]

1. d4 Nf6 2. Nf3 g6 3. e3 Bg7 4. Bd3 O-O 5. Nbd2 d6 6. b3 e5 7. Bb2 exd4 8.
Bxd4 c5 9. Bb2 Nc6 10. a3 Re8 11. O-O a6 12. c4 Rb8 13. Qc2 Qe7 14. Rfe1 Ne5
15. Nxe5 dxe5 16. Ne4 Bd7 17. Rad1 Bc6 18. Nxf6+ Bxf6 19. Be4 Bg7 20. Rd2 Rec8
21. Red1 Be8 22. Qd3 b5 23. Bd5 h6 24. Qxg6 Rc6 25. Qe4 Rg6 26. Qxg6 1-0

[Event "Alberta op"]
[Site "Calgary CAN"]
[Date "2002.10.12"]
[Round "1"]
[White "Schmeisser, Alex"]
[Black "Robertson, Archie"]
[Result "0-1"]
[WhiteElo "1194"]
[BlackElo "1870"]
[PlyCount "45"]
[EventDate "2002.10.12"]
[EventType "swiss"]
[EventRounds "6"]
[EventCountry "CAN"]

1. e4 e6 2. Nf3 d5 3. Nc3 Nf6 4. exd5 Nxd5 5. Nxd5 Qxd5 6. d4 b6 7. Be2 Bb7 8.
Qd3 Bd6 9. c4 Bb4+ 10. Bd2 Qd6 11. O-O Bxd2 12. Nxd2 Nd7 13. Bf3 Bxf3 14. Nxf3
O-O 15. Rae1 Rad8 16. a3 Qe7 17. Re3 c5 18. h4 cxd4 19. Ng5 Nf6 20. Re5 h6 21.
Nf3 Nd7 22. Re4 Nc5 23. b3 0-1

[Event "Alberta op"]
[Site "Calgary CAN"]
[Date "2002.10.12"]
[Round "2"]
[White "Aartsen, Keith"]
[Black "Yamach, Ahmet"]
[Result "0-1"]
[WhiteElo "1398"]
[BlackElo "1838"]
[PlyCount "98"]
[EventDate "2002.10.12"]
[EventType "swiss"]
[EventRounds "6"]
[EventCountry "CAN"]

1. e4 c5 2. Bc4 d6 3. Nc3 Nc6 4. Bb5 Bd7 5. Bxc6 Bxc6 6. d3 g6 7. d4 cxd4 8.
Qxd4 Nf6 9. Bg5 Bg7 10. Bxf6 Bxf6 11. Qe3 O-O 12. Nge2 Bg7 13. O-O-O Qc8 14. f3
a5 15. Nd5 Bxd5 16. Rxd5 Qc4 17. b3 Qb4 18. c3 Rfc8 19. Kb2 a4 20. Nd4 Bxd4 21.
Rxd4 Qb6 22. b4 a3+ 23. Ka1 Rc4 24. Rd3 Qxe3 25. Rxe3 Rac8 26. Rc1 Rxb4 27. Rb1
Rxb1+ 28. Kxb1 Rc6 29. Kc2 Rb6 30. Kd3 f6 31. h3 Kf7 32. Re2 e5 33. c4 Ke6 34.
Kc3 f5 35. Rf2 Kd7 36. Rd2 Kc6 37. Re2 Kc5 38. Rd2 Rb2 39. Rd5+ Kc6 40. Rd2 Rb1
41. Kc2 Rb2+ 42. Kc3 Rxd2 43. Kxd2 fxe4 44. fxe4 Kc5 45. Kc3 g5 46. g3 h5 47.
g4 hxg4 48. hxg4 b6 49. Kb3 Kd4 0-1

[Event "Alberta op"]
[Site "Calgary CAN"]
[Date "2002.10.12"]
[Round "2"]
[White "Alkema, Harold"]
[Black "Kuwair, Martin"]
[Result "0-1"]
[WhiteElo "1490"]
[BlackElo "1840"]
[PlyCount "94"]
[EventDate "2002.10.12"]
[EventType "swiss"]
[EventRounds "6"]
[EventCountry "CAN"]

1. e4 e5 2. Nf3 Nc6 3. Bc4 Be7 4. Nc3 Nf6 5. a3 O-O 6. O-O a6 7. a4 d6 8. d4
exd4 9. Nxd4 Ne5 10. Bb3 Bd7 11. Bf4 Ng6 12. Qf3 Qc8 13. Nd5 Re8 14. Nxe7+ Rxe7
15. Rae1 Qe8 16. Bg5 Ne5 17. Qe3 c5 18. Bxf6 gxf6 19. Qg3+ Kh8 20. Nf3 Bxa4 21.
Nh4 Bxb3 22. Nf5 Qf8 23. Nxe7 Qxe7 24. Qxb3 Rg8 25. Re3 b5 26. Rg3 Re8 27. Qe3
Ng6 28. Re1 Qe5 29. c3 Qh5 30. Qf3 Qe5 31. Qd1 d5 32. Kf1 dxe4 33. Qd7 Kg7 34.
h4 Re6 35. h5 Qxh5 36. Qd2 Qh6 37. Rh3 Qg5 38. Ree3 f5 39. Rhg3 Qf6 40. Rh3 f4
41. Re1 Qf5 42. Qe2 f3 43. Qe3 fxg2+ 44. Kg1 Nf4 45. Qg3+ Rg6 46. Rh5 Qxh5 47.
Qh2 Nh3+ 0-1

[Event "Alberta op"]
[Site "Calgary CAN"]
[Date "2002.10.12"]
[Round "2"]
[White "Beingessner, Andrew"]
[Black "Miller, Mitch"]
[Result "1/2-1/2"]
[WhiteElo "1677"]
[BlackElo "1507"]
[PlyCount "55"]
[EventDate "2002.10.12"]
[EventType "swiss"]
[EventRounds "6"]
[EventCountry "CAN"]

1. e4 e5 2. Nf3 Nc6 3. Bc4 Bc5 4. c3 Nf6 5. d4 exd4 6. cxd4 Bb4+ 7. Bd2 Bxd2+
8. Nbxd2 Nxe4 9. Nxe4 d5 10. Bxd5 Qxd5 11. Nc3 Qd8 12. d5 Ne7 13. O-O O-O 14.
Qb3 Bg4 15. Ne5 Bh5 16. Rfe1 c6 17. Qxb7 cxd5 18. g4 Bg6 19. Nxg6 Nxg6 20. Qxd5
Qh4 21. Qf3 Rab8 22. Rab1 f6 23. b4 Ne5 24. Qd5+ Kh8 25. Qg2 Rbd8 26. Rbd1 Nd3
27. Re4 Qg5 28. h3 1/2-1/2

[Event "Alberta op"]
[Site "Calgary CAN"]
[Date "2002.10.12"]
[Round "2"]
[White "Cacho, Belly"]
[Black "Ottosen, David"]
[Result "0-1"]
[WhiteElo "1730"]
[BlackElo "2000"]
[PlyCount "72"]
[EventDate "2002.10.12"]
[EventType "swiss"]
[EventRounds "6"]
[EventCountry "CAN"]

1. e4 c5 2. Nf3 d6 3. d4 cxd4 4. Nxd4 Nf6 5. Nc3 g6 6. Be3 Bg7 7. f3 Nc6 8. Bc4
O-O 9. Qd2 Bd7 10. O-O-O Rc8 11. Bb3 Ne5 12. Kb1 Nc4 13. Bxc4 Rxc4 14. Nb3 a5
15. Qd3 Rc8 16. g4 a4 17. Nd4 a3 18. g5 Nh5 19. b3 e6 20. Ncb5 d5 21. exd5 exd5
22. Nxa3 Qa5 23. Nab5 Rc5 24. a4 Rfc8 25. c3 Rxb5 26. Bd2 Qxa4 27. Kc2 Qa2+ 28.
Kc1 Bxd4 29. Qc2 Qxc2+ 30. Kxc2 Bf5+ 31. Kb2 Be5 32. Rhe1 d4 33. c4 d3+ 34. Bc3
Bxc3+ 35. Kxc3 Rb6 36. Re7 Ra6 0-1

[Event "Alberta op"]
[Site "Calgary CAN"]
[Date "2002.10.12"]
[Round "2"]
[White "Dean, Tim"]
[Black "Schmeisser, Alex"]
[Result "1-0"]
[WhiteElo "1868"]
[BlackElo "1194"]
[PlyCount "45"]
[EventDate "2002.10.12"]
[EventType "swiss"]
[EventRounds "6"]
[EventCountry "CAN"]

1. e4 e5 2. Nf3 Nc6 3. Bc4 Bc5 4. c3 Nf6 5. d4 exd4 6. cxd4 Bb6 7. e5 Ba5+ 8.
Nc3 Ne4 9. O-O Nxc3 10. bxc3 Bxc3 11. Qb3 d5 12. Bxd5 Be6 13. Bxc6+ bxc6 14.
Qxc3 Qd5 15. Ba3 f6 16. exf6 gxf6 17. Qb4 Kf7 18. Qe7+ Kg6 19. Qxc7 Rhg8 20.
Nh4+ Kh5 21. Qxh7+ Kg4 22. h3+ Kf4 23. Bc1# 1-0

[Event "Alberta op"]
[Site "Calgary CAN"]
[Date "2002.10.12"]
[Round "2"]
[White "Eshleman, Brandon"]
[Black "Pivovarov, Juraj"]
[Result "0-1"]
[WhiteElo "1975"]
[BlackElo "1791"]
[PlyCount "62"]
[EventDate "2002.10.12"]
[EventType "swiss"]
[EventRounds "6"]
[EventCountry "CAN"]

1. e4 e6 2. d4 d5 3. exd5 exd5 4. Bd3 g6 5. c3 Bg7 6. Nf3 Nf6 7. O-O O-O 8. Bg5
Bg4 9. h3 Bxf3 10. Qxf3 Qd6 11. Na3 a6 12. Rae1 Nbd7 13. Nc2 c5 14. Ne3 Rfe8
15. b3 cxd4 16. cxd4 Ne4 17. Bf4 Qa3 18. Nxd5 Nef6 19. Nc7 Rxe1 20. Rxe1 Ra7
21. Qe2 Nb6 22. Ne8 Nbd5 23. Nxf6+ Nxf6 24. Be5 b5 25. Qf3 Re7 26. Rc1 Qxc1+
27. Kh2 Qg5 28. Qa8+ Ne8 29. Bd6 Re1 30. Bg3 Bxd4 31. f4 Bg1+ 0-1